[Event "Regionalliga SO 1617"]
[Site "Bayern"]
[Date "2016.12.04"]
[Round "3.5"]
[White "Meier, Desiderius"]
[Black "Fehrmann, Gregor"]
[Result "1/2-1/2"]
[WhiteElo "2170"]
[BlackElo "1938"]
[PlyCount "61"]
[EventDate "2016.10.16"]
[EventType "team-tourn"]
[EventRounds "9"]
[EventCountry "GER"]
[SourceTitle "EXT 2019"]
[Source "ChessBase"]
[SourceDate "2018.10.10"]
[SourceVersion "1"]
[SourceVersionDate "2018.10.10"]
[SourceQuality "1"]
[WhiteTeam "Graefelfing"]
[BlackTeam "Bruckmuehl"]
[WhiteTeamCountry "GER"]
[BlackTeamCountry "GER"]

1. e4 c5 2. b3 d6 3. Bb2 Nf6 4. Nc3 e6 5. f4 Nc6 6. Bb5 Bd7 7. Nf3 Qa5 8. Bxc6 Bxc6 9. Qe2 Qc7 10. 0-0 0-0-0 11. d3 Rg8 12. Rae1 h6 13. Nd1 Be7 14. c4 Rge8 15. a3 Bf8 16. Ne3 Nd7 17. Qc2 g6 18. b4 b6 19. d4 Bb7 20. d5 exd5 21. Nxd5 Bxd5 22. exd5 Be7 23. f5 g5 24. b5 Bf6 25. Bxf6 Nxf6 26. Nd2 Qd7 27. Ne4 Nxe4 28. Rxe4 Rxe4 29. Qxe4 Re8 30. Qf3 Qe7 31. h3 1/2-1/2

[Event "Regionalliga SO 1516"]
[Site "Bayern"]
[Date "2015.10.25"]
[Round "2.3"]
[White "Meier, Desiderius"]
[Black "Spiess, Martin"]
[Result "1-0"]
[WhiteElo "2170"]
[BlackElo "2155"]
[PlyCount "79"]
[EventDate "2015.10.11"]
[EventType "team-tourn"]
[EventRounds "9"]
[EventCountry "GER"]
[SourceTitle "EXT 2018"]
[Source "ChessBase"]
[SourceDate "2017.10.13"]
[SourceVersion "1"]
[SourceVersionDate "2017.10.13"]
[SourceQuality "1"]
[WhiteTeam "Graefelfing"]
[BlackTeam "Ingolstadt"]
[WhiteTeamCountry "GER"]
[BlackTeamCountry "GER"]

1. e4 c5 2. b3 Nc6 3. Bb2 d6 4. Bb5 a6 5. Bxc6+ bxc6 6. d3 e5 7. Ne2 f5 8. exf5 Bxf5 9. 0-0 Nf6 10. Nd2 Nd5 11. Ne4 Be7 12. c4 Nf6 13. N4g3 Bd7 14. f4 exf4 15. Nxf4 0-0 16. Qe1 Ne8 17. Ngh5 Bf6 18. Nxf6+ Nxf6 19. Ne6 Bxe6 20. Qxe6+ Kh8 21. Rf3 Ra7 22. Raf1 Raf7 23. g4 h6 24. h4 Re7 25. Rxf6 Rxf6 26. Bxf6 gxf6 27. Qxf6+ Kh7 28. g5 hxg5 29. hxg5 Qe8 30. Qxd6 Re1 31. Qh6+ Kg8 32. g6 Qe3+ 33. Qxe3 Rxe3 34. Rf6 Rxd3 35. Rxc6 Rd1+ 36. Kf2 Rd2+ 37. Ke3 Rxa2 38. Ke4 Rb2 39. Rxa6 Rxb3 40. Kd5 1-0

[Event "Regionalliga SO 1415"]
[Site "Bayern"]
[Date "2014.12.07"]
[Round "4.4"]
[White "Lettl, Gerhard"]
[Black "Meier, Desiderius"]
[Result "1/2-1/2"]
[WhiteElo "2001"]
[BlackElo "2170"]
[PlyCount "40"]
[EventDate "2014.10.19"]
[EventType "team-tourn"]
[EventRounds "9"]
[EventCountry "GER"]
[SourceTitle "EXT 2018"]
[Source "ChessBase"]
[SourceDate "2017.10.13"]
[SourceVersion "1"]
[SourceVersionDate "2017.10.13"]
[SourceQuality "1"]
[WhiteTeam "Tegernsee"]
[BlackTeam "Graefelfing"]
[WhiteTeamCountry "GER"]
[BlackTeamCountry "GER"]

1. e4 Nf6 2. e5 Nd5 3. d4 d6 4. exd6 cxd6 5. c4 Nb6 6. Nf3 g6 7. b3 Bg7 8. Bb2 Nc6 9. g3 Bf5 10. Qd2 d5 11. Bg2 0-0 12. c5 Nd7 13. 0-0 Nf6 14. Nc3 Ne4 15. Qe3 e6 16. Ne2 Nxc5 17. Ba3 Ne4 18. Bxf8 Qxf8 19. Qc1 Nb4 20. Qa3 Bg4 1/2-1/2

[Event "Regionalliga SO 1112"]
[Site "Bayern"]
[Date "2011.10.02"]
[Round "1.6"]
[White "Meier, Desiderius"]
[Black "Assmann, Juergen"]
[Result "1-0"]
[WhiteElo "2018"]
[BlackElo "1908"]
[PlyCount "57"]
[EventDate "2011.10.02"]
[EventType "team-tourn"]
[EventRounds "9"]
[EventCountry "GER"]
[SourceTitle "EXT 2013"]
[Source "ChessBase"]
[SourceDate "2012.11.22"]
[SourceVersion "1"]
[SourceVersionDate "2012.11.22"]
[SourceQuality "1"]
[WhiteTeam "Graefelfing"]
[BlackTeam "Waldkraiburg"]
[WhiteTeamCountry "GER"]
[BlackTeamCountry "GER"]

1. e4 d5 2. exd5 Qxd5 3. Nc3 Qa5 4. d4 Nf6 5. Bd2 c6 6. Ne4 Qd8 7. Nxf6+ exf6 8. c3 Bd6 9. Bd3 0-0 10. Qh5 g6 11. Qf3 Re8+ 12. Ne2 Bf8 13. 0-0 Bg7 14. Nf4 Nd7 15. Rfe1 Rxe1+ 16. Rxe1 Nf8 17. Bc4 Bd7 18. h4 Rc8 19. Qe4 b5 20. Bb3 c5 21. dxc5 Be8 22. Be3 f5 23. Qd5 Qxh4 24. g3 Qd8 25. Bd4 Qc7 26. Bxg7 Kxg7 27. Qd4+ Kg8 28. Nd5 Ne6 29. Rxe6 1-0

[Event "Regionalliga SO 0708"]
[Site "Bayern"]
[Date "2007.11.25"]
[Round "3.8"]
[White "Sailer, Wolfgang"]
[Black "Meier, Desiderius"]
[Result "1-0"]
[WhiteElo "2097"]
[BlackElo "1864"]
[PlyCount "81"]
[EventDate "2007.10.21"]
[EventType "team-tourn"]
[EventRounds "9"]
[EventCountry "GER"]
[SourceTitle "EXT 2009"]
[Source "ChessBase"]
[SourceDate "2008.11.26"]
[SourceVersion "1"]
[SourceVersionDate "2008.11.26"]
[SourceQuality "1"]
[WhiteTeam "Ingolstadt"]
[BlackTeam "Graefelfing"]
[WhiteTeamCountry "GER"]
[BlackTeamCountry "GER"]

1. d4 Nf6 2. c4 e6 3. g3 c5 4. Nf3 cxd4 5. Nxd4 Nc6 6. Bg2 Bc5 7. Nb3 Bb4+ 8. Nc3 0-0 9. 0-0 b6 10. Nb5 Bb7 11. Bf4 Ne8 12. a3 Be7 13. Qd2 d6 14. Rfd1 e5 15. Be3 a6 16. Nc3 Rb8 17. Nd5 Ba8 18. a4 f5 19. a5 bxa5 20. Nxa5 Nxa5 21. Rxa5 Bb7 22. Bb6 Qd7 23. Ba7 Rd8 24. Nb6 Qc7 25. Bxb7 Qxb7 26. Qd5+ Qxd5 27. cxd5 e4 28. Rxa6 f4 29. b4 fxg3 30. hxg3 Nf6 31. b5 Nd7 32. Nc4 Ra8 33. Rda1 Bf6 34. R1a4 Rac8 35. Rxd6 Nc5 36. Ra2 Nb3 37. Rc6 Nd4 38. Bxd4 Bxd4 39. e3 Bc3 40. Nd6 Rb8 41. Rxc3 1-0

[Event "Nuremberg LGA Cup 3rd"]
[Site "Nuremberg"]
[Date "2006.09.10"]
[Round "7.47"]
[White "Meier, Desiderius"]
[Black "Zier, Verena"]
[Result "1/2-1/2"]
[WhiteElo "2038"]
[BlackElo "1918"]
[PlyCount "27"]
[EventDate "2006.09.07"]
[EventType "swiss"]
[EventRounds "7"]
[EventCountry "GER"]
[SourceTitle "CBM 114 Extra"]
[Source "ChessBase"]
[SourceDate "2006.11.03"]
[SourceVersion "1"]
[SourceVersionDate "2006.11.03"]
[SourceQuality "1"]

1. Nf3 d5 2. e3 Nf6 3. b3 c5 4. Bb2 e6 5. Be2 Nc6 6. 0-0 Bd6 7. Bb5 Bd7 8. Bxc6 Bxc6 9. Ne5 Qc7 10. f4 0-0 11. d3 Rae8 12. Nd2 Nd7 13. Nxc6 Qxc6 14. e4 1/2-1/2

[Event "Nuremberg LGA Cup 3rd"]
[Site "Nuremberg"]
[Date "2006.09.09"]
[Round "5.33"]
[White "Meier, Desiderius"]
[Black "Zude, Erik"]
[Result "1/2-1/2"]
[WhiteElo "2038"]
[BlackElo "2421"]
[PlyCount "57"]
[EventDate "2006.09.07"]
[EventType "swiss"]
[EventRounds "7"]
[EventCountry "GER"]
[SourceTitle "EXT 2022"]
[Source "ChessBase"]
[SourceDate "2021.10.06"]
[SourceVersion "1"]
[SourceVersionDate "2021.10.06"]
[SourceQuality "1"]

1. e4 c5 2. b3 Nc6 3. Nc3 g6 4. Bb2 Bg7 5. Bb5 Nd4 6. Bc4 e6 7. Nge2 a6 8. a4 b6 9. Nxd4 Bxd4 10. Qe2 Ne7 11. 0-0-0 Bb7 12. f4 0-0 13. h4 d5 14. Bd3 dxe4 15. Nxe4 Bxb2+ 16. Kxb2 Nf5 17. Rh3 Nd6 18. c3 Bxe4 19. Bxe4 Nxe4 20. Qxe4 h5 21. Qe2 b5 22. g4 bxa4 23. gxh5 Rb8 24. hxg6 Rxb3+ 25. Kc2 Qb6 26. Qh5 Rb2+ 27. Kc1 Rb1+ 28. Kc2 Rb2+ 29. Kc1 1/2-1/2

[Event "Regionalliga SO 0405"]
[Site "Bayern"]
[Date "2005.01.16"]
[Round "5.8"]
[White "Schmied, Johannes"]
[Black "Meier, Desiderius"]
[Result "1-0"]
[WhiteElo "1925"]
[BlackElo "1813"]
[PlyCount "77"]
[EventDate "2004.10.24"]
[EventType "team-tourn"]
[EventRounds "9"]
[EventCountry "GER"]
[SourceTitle "EXT 2007"]
[Source "ChessBase"]
[SourceDate "2006.11.23"]
[SourceVersion "1"]
[SourceVersionDate "2006.11.23"]
[SourceQuality "1"]
[WhiteTeam "Starnberg"]
[BlackTeam "Graefelfing"]
[WhiteTeamCountry "GER"]
[BlackTeamCountry "GER"]

1. d4 Nf6 2. c4 e6 3. Nc3 Bb4 4. f3 0-0 5. Bg5 h6 6. Bh4 d5 7. a3 Bxc3+ 8. bxc3 b6 9. e3 Bb7 10. Bd3 Nbd7 11. cxd5 exd5 12. Ne2 Qe7 13. Bf2 c5 14. 0-0 Rac8 15. Qd2 cxd4 16. cxd4 Ne8 17. Ng3 Nd6 18. Nf5 Nxf5 19. Bxf5 g6 20. Bd3 Kg7 21. Qb4 Qe6 22. Rfe1 f5 23. Qb2 Kh7 24. Rad1 Rfe8 25. h4 Nf6 26. Bg3 Qe7 27. Be5 Nd7 28. h5 Nxe5 29. dxe5 Qxe5 30. hxg6+ Kxg6 31. Qf2 Rg8 32. g4 Kf7 33. Qh4 fxg4 34. fxg4 Rxg4+ 35. Qxg4 Rg8 36. Rf1+ Ke7 37. Qxg8 Qxe3+ 38. Kh2 Qe5+ 39. Qg3 1-0

[Event "GER-chT U20"]
[Site "Cologne"]
[Date "2004.12.30"]
[Round "7.4"]
[White "Krutwig, Longlong"]
[Black "Meier, Desiderius"]
[Result "1-0"]
[WhiteElo "2030"]
[BlackElo "1882"]
[PlyCount "83"]
[EventDate "2004.12.27"]
[EventType "team"]
[EventRounds "7"]
[EventCountry "GER"]
[SourceTitle "CBM 104 Extra"]
[Source "ChessBase"]
[SourceDate "2005.03.01"]
[SourceVersion "1"]
[SourceVersionDate "2005.03.01"]
[SourceQuality "1"]
[WhiteTeam "Koeln Muelheim (U20)"]
[BlackTeam "Muenchen Tarrasch U20"]
[WhiteTeamCountry "GER"]
[BlackTeamCountry "GER"]

1. d4 Nf6 2. Nf3 e6 3. c3 b6 4. Bg5 Be7 5. Nbd2 Bb7 6. e3 0-0 7. Bd3 d6 8. 0-0 h6 9. Bh4 Nbd7 10. Qc2 c5 11. Rad1 d5 12. Rfe1 Rc8 13. h3 Nh5 14. Bxe7 Qxe7 15. Nf1 f5 16. Qe2 Nhf6 17. N3d2 Ne4 18. f3 Nxd2 19. Nxd2 e5 20. Ba6 Bxa6 21. Qxa6 Rc7 22. e4 fxe4 23. fxe4 Qh4 24. dxe5 Nxe5 25. exd5 Ng4 26. Qe2 Nf2 27. Qe6+ Kh8 28. Rf1 Rcf7 29. Rde1 Rf6 30. Qe3 Qa4 31. b3 Qa6 32. c4 Qxa2 33. Re2 Nxh3+ 34. gxh3 Rxf1+ 35. Nxf1 Qb1 36. Rf2 Qg6+ 37. Qg3 Qe8 38. Rxf8+ Qxf8 39. Qe5 Qd8 40. Ne3 Qh4 41. Kg2 a5 42. Qxg7+ 1-0

[Event "GER-chT U20"]
[Site "Cologne"]
[Date "2004.12.28"]
[Round "4.4"]
[White "Meier, Desiderius"]
[Black "Noe, Christopher"]
[Result "1-0"]
[WhiteElo "1882"]
[BlackElo "1543"]
[PlyCount "45"]
[EventDate "2004.12.27"]
[EventType "team"]
[EventRounds "7"]
[EventCountry "GER"]
[SourceTitle "CBM 104 Extra"]
[Source "ChessBase"]
[SourceDate "2005.03.01"]
[SourceVersion "1"]
[SourceVersionDate "2005.03.01"]
[SourceQuality "1"]
[WhiteTeam "Muenchen Tarrasch U20"]
[BlackTeam "Eppingen (U20)"]
[WhiteTeamCountry "GER"]
[BlackTeamCountry "GER"]

1. e4 c5 2. b3 e6 3. Bb2 d5 4. Ne2 Nc6 5. Ng3 Nf6 6. Bb5 Be7 7. 0-0 0-0 8. Bxc6 bxc6 9. Nc3 c4 10. d3 Ba6 11. bxc4 dxc4 12. d4 Rb8 13. Rb1 Bb4 14. Qf3 c5 15. d5 exd5 16. exd5 Bxc3 17. Bxc3 Qxd5 18. Rxb8 Rxb8 19. Qf4 Nd7 20. Re1 h6 21. Nf5 f6 22. Ne7+ Kh8 23. Nxd5 1-0